| 000 | 00446 a2200145 4500 | ||
|---|---|---|---|
| 999 |
_c7851 _d7851 |
||
| 020 | _a9780745680972 | ||
| 050 | _aJN 30GID2014 | ||
| 100 |
_a Giddens , Anthony _eauthor |
||
| 245 |
_aTurbulent and mighty continent : _bwhat future for Europe? / _cAnthony Giddens |
||
| 264 |
_aCambridge : _bPolity, _c2014 |
||
| 300 | _a247p. : | ||
| 500 | _aincludes index | ||
| 650 | _aEurope -- Foreign relations -- 21st century. | ||
| 942 |
_2lcc _cBK _h30 _iGID _kJN |
||